000
00283nam a2200109Ia 4500
008
220204s9999 xx 000 0 und d
082
_a
330.35
_b
ROS
100
_a
ROSTOW, W W
245
0
_a
Economics of take off into sustained growth
260
_a
London
_b
Macmillan
_c
1963
942
_c
BK
999
_c
19971
_d
19971